000 00596nam a2200193Ia 4500
003 IN-BaIIA
008 211028s9999 xx 000 0 eng d
020 _a0-471-87910-X
040 _cIIA Library
080 _a92:5
_bCLA
100 _aClarke, Arthur C
_96509
245 0 _aAscent to orbit : a scientific autobiography
_c Arthur C Clarke
260 _aNew York,
_bWiley
_c1984
300 _aviii, 226p.
650 _aArthur C Clarke Autobiography
_914960
650 _aAutobiography-Arthur C Clarke
_914961
650 _aNASA Thesaurus
942 _cBK
999 _c8901
_d8901